000 00463nam a2200157 4500
001 116805
003 ES-MaACL
005 20230906190754.0
007 t|
008 061121s1971 sp r ||||1| spa d
100 1 _aPascual Estevill, Luis.
_989380
245 1 0 _aEspaña 71
_b: desarrollo en acción /
_cLuis Pascual Estevill.
260 _aTarragona :
_b[s.n.],
_c1971 (
_fImp. Sugrañes)
300 _a329 p. ;
_c24 cm.
852 _aES-MaACL
_jC-39065
_bR.79073
999 _c116805
_d116805